000 00509nam a2200193Ia 4500
005 20250326144415.0
008 250326s9999 xx 000 0 und d
037 _aTextbook
040 _aFMSL
_beng
_cFMSL
041 _aeng
_2eng
084 _aB28BOX P9;1
_qFMSL
100 _aGupta S C
245 0 _aFundamentals of statistics
_cGupta S C
260 _aDelhi
_bDelhi, Himalaya
_c2009
365 _b398
650 _aManagement
942 _cTB
_hB28BOX P9;1
999 _c1303592
_d1303592